[Event "It"]
[Site "Pamplona ESP"]
[Date "2003.12.28"]
[Round "7"]
[White "McShane, L."]
[Black "Sutovsky, E."]
[Result "1-0"]
[WhiteElo "2649"]
[BlackElo "2646"]
[PlyCount "66"]
[EventDate "2003.12.20"]

{A45: Trompowsky Attack
} 1. d4 Nf6 2. Bg5 Ne4 3. Bf4 d5 4. e3 c5 5. Bd3 Nf6 6.
dxc5 Nc6 7. Bb5 e6 8. Bxc6+ $146 (8. b4 a5 9. c3 Bd7 10. a4 (10. Qb3 axb4 11.
cxb4 Ne4 12. Nc3 Qf6 13. Nge2 Nxf2 14. O-O Ng4 15. h3 Nge5 16. Na4 Nc4 17. e4
Nd4 18. Bxd7+ Kxd7 19. Nxd4 Qxd4+ 20. Kh1 Qxe4 21. Rae1 Qg6 22. Rc1 Ke8 23.
Rxc4 dxc4 24. Qxc4 e5 {Winants,L-Carlsen,M/Rethymnon 2003/CBM 98 no vc/1-0 (35)
}) 10... axb4 11. Bxc6 Bxc6 12. cxb4 b6 13. Nd2 bxc5 14. b5 Bb7 15. Ngf3 c4 16.
O-O Bb4 17. Qc2 O-O 18. Rfb1 Ba5 19. h3 Re8 20. Rd1 Qe7 21. Be5 Nd7 22. Bd4
Rec8 {Gustafsson,J-Avrukh,B/Plovdiv 2003/CBM 98 no vc/1/2-1/2 (58)}) 8... bxc6
9. b4 a5 10. c3 Ne4 11. f3 Nxc3 12. Nxc3 axb4 13. Na4 Ba6 14. Nb6 Ra7 $2 (14...
Bxc5 15. Nxa8 Qxa8 16. Ne2 $16) 15. Qd4 (15. Qa4 $5 Qh4+ 16. g3 Qf6 $18) 15...
f6 16. Qxb4 e5 17. Bg3 Bb5 18. Kf2 Ra6 19. Qc3 d4 20. exd4 exd4 $2 (20... Ra3
$142 21. Qb4 Qxd4+ 22. Qxd4 exd4 $18) 21. Re1+ Kf7 22. Qb3+ Kg6 23. a4 d3 24.
axb5 Bxc5+ 25. Kf1 Ra3 $2 (25... Rxb6 26. h4 Qd5 27. Qxd5 cxd5 $18) 26. Qc4 d2
27. Rd1 (27. Qxc5 $6 d1=Q 28. Qxa3 Re8 $18) 27... Re8 (27... Qxb6 28. bxc6 Qxc6
$18) 28. Qc2+ (28. Qxc5 $6 Qd3+ 29. Kf2 Rc3 30. Qxc3 Qxc3 $16) 28... Kf7 (28...
Kh6 29. Nc4 (29. Qxc5 Ra1 30. Qc2 Rxd1+ 31. Qxd1 Qd3+ 32. Ne2 Rxe2 $11) (29.
Qxd2+ Qxd2 30. Bf4+ Qxf4 31. g3 Ra2 32. Rd2 Qxd2 33. bxc6 Ra1#) 29... Ra2 30.
Qb3 cxb5 31. Nd6 Bxd6 32. Qxa2 $18) 29. Nc4 Rd3 30. Nd6+ $1 Bxd6 {
Theme: Interference} (30... Qxd6 31. Bxd6) 31. Qxd3 {Eliminates the defender d3
} Bxg3 32. Qc4+ Re6 33. hxg3 cxb5 1-0

[Event "It"]
[Site "Pamplona ESP"]
[Date "2003.12.28"]
[Round "7"]
[White "Nakamura, H."]
[Black "Pelletier, Y."]
[Result "1-0"]
[WhiteElo "2565"]
[BlackElo "2604"]
[PlyCount "89"]
[EventDate "2003.12.20"]

{B47: Sicilian: Taimanov: 5 Nc3 Qc7 6 f4, 6 g3 and 6 Be2
} 1. e4 c5 2. Nf3 e6
3. d4 cxd4 4. Nxd4 Nc6 5. Nc3 Qc7 6. Nb3 Nf6 7. Bd3 a6 8. O-O d6 9. f4 b5 10.
Qf3 Bb7 11. Bd2 Be7 12. Rae1 b4 13. Na4 $146 (13. Ne2 Rd8 14. c3 d5 15. e5 Ne4
16. Bc1 O-O 17. Ng3 bxc3 18. bxc3 Na5 19. Nd4 Qxc3 20. Nxe6 fxe6 21. Bxe4 Qc5+
22. Be3 dxe4 23. Qg4 Qc6 24. f5 Bc5 25. Nh5 Bxe3+ 26. Rxe3 Qd7 27. f6 Nc4 {
McKay,R-Hernandez,R/Siegen 1970/EXT 2002/0-1 (37)}) 13... O-O 14. Be3 Rae8 15.
Qh3 e5 16. Nb6 Nb8 17. Nd2 Bd8 18. Nbc4 Nbd7 19. b3 (19. fxe5 $5 Nxe5 20. Nxe5
dxe5 21. Rd1 $11) 19... Nc5 {Can e4 get defended?} 20. fxe5 dxe5 21. Bf2 Bc8
22. Qf3 Be7 23. h3 Ne6 24. Bg3 Bc5+ 25. Kh1 Nd7 26. Ne3 Bxe3 27. Qxe3 Ndc5 28.
Bc4 f6 29. Bd5 Kh8 30. Nc4 Rd8 31. a3 bxa3 32. b4 Na4 33. Qxa3 Nb6 34. Ne3 (34.
Nxb6 $142 $5 Qxb6 35. Bf2 $18) 34... Nf4 $14 35. c4 Nfxd5 $2 (35... Bd7 $142
$14) 36. exd5 $18 (36. cxd5 $143 Qb7 $16) 36... f5 37. Bh4 Rde8 38. c5 Nd7 $6 (
38... Nxd5 39. Nxd5 Qf7 $18) 39. Nxf5 Nxc5 (39... Nf6 40. d6 Qb7 41. Ne7 $18)
40. Nxg7 $3 (40. bxc5 $6 Rxf5 41. Rxf5 Bxf5 $18) 40... Qxg7 {A deflection} (
40... Kxg7 41. bxc5) 41. bxc5 e4 42. Rxf8+ Qxf8 43. d6 Qh6 (43... Re6 44. Qa4
Kg8 $18) 44. Qc3+ Kg8 45. Qg3+ (45. Qg3+ Qg7 46. Qxg7+ Kxg7 47. c6 $18) 1-0